| 000 | 00000nam##2200000za#4500 |
| 001 | 9.684534 |
| 003 | CaOODSP |
| 005 | 20220901164846 |
| 007 | ta |
| 008 | 150407|2009||||xxc||||| f|0| 0 fre|d |
| 020 | |a978-1-100-91008-6 |
| 040 | |aCaOODSP|bfre |
| 043 | |an-cn--- |
| 086 | 1 |aJ2-213/2009F |
| 110 | 1 |aCanada.|bJustice Canada. |
| 245 | 10|aGuide de traitement des victimes d'actes criminels : |bapplication de la recherche à la pratique clinique / |cpar James K. Hill. |
| 250 | |a2e éd. |
| 260 | |aOttawa - Ontario : |bJustice Canada |cc2009. |
| 300 | |aiii, 170p. : |bréférences, tableaux ; |c22 cm. |
| 520 | 3 |aUn outil pour les personnes qui assurent des services de première ligne aux victimes de crimes. Il examine la recherche et la théorie sur plusieurs sujets et discute de leur application. Les sujets abordés comprennent l’autothérapie pour les personnes s’occupant des victimes d’actes criminels; un modèle de victimisation et de rétablissement; les réactions habituelles des victimes d’un crime; les stratégies d’adaptation des victimes; les modèles du changement pour le patient; et les questions que devraient poser les fournisseurs de services en ce qui a trait à l’évaluation. |
| 563 | |aReliure à spirale |
| 590 | |a09-39|b2009-09-25 |
| 691 | 07|aVictime|2gcpds |
| 720 | 1 |aHill, James K. |
| 775 | 08|tWorking with victims of crime : |w(CaOODSP)9.651510 |
| 776 | 0#|tGuide de traitement des victimes d'actes criminels : |w(CaOODSP)9.636252 |